000 00870nam a2200265 i 4500
001 bg
003 BPK
005 20201123124700.0
008 990506s1983 pl a f f |000 0 pol
015 _aPB 1983/3529
020 _a8321330878
040 _aWA N
_cBPK
080 _a628.1
080 _a(075.8)
100 1 _aGabryszewski, Tadeusz
_d(1906-1995)
_eAutor
245 1 0 _aWodociągi /
_cTadeusz Gabryszewski.
260 _aWarszawa :
_b"Arkady",
_c1983.
300 _a639, [1] s., [6] k. tabl. :
_brys., wykr. ;
_c25 cm.
504 _aBibliogr. s. 631-[640], wykaz norm dotyczących wodociągów s. 618-626.
655 4 _aPodręczniki akademickie
650 4 _aWodociąg
710 2 _aWydawnictwo "Arkady".
_4pbl.
856 _uhttp://koha.tu.koszalin.pl/cgi-bin/koha/opac-detail.pl?biblionumber=1874
_yKatalog online BPK
942 _2UKD
_cKS
999 _c1874
_d1874